[Event "Vaujany 2022 Accession"]
[Site "Vaujany"]
[Date "2022.07.16"]
[Round "3.9"]
[White "Weisz, Jacques"]
[Black "Brochard, Patrice"]
[Result "1/2-1/2"]
[WhiteElo "1722"]
[BlackElo "1529"]
[Annotator "Jean-Pierre,Lees"]
[PlyCount "138"]
[EventDate "2022.07.14"]
[EventType "swiss"]
[EventCountry "FRA"]
[SourceVersionDate "2022.07.17"]
[TimeControl "240+2"]

{1024MB, Fritz8.ctg} {dans cette partie, les blancs, qui ont une finale
gagnante, laissen échapper le demi point} 1. d4 Nf6 2. c4 g6 3. Nc3 d5 4. Bf4
Bg7 5. e3 O-O 6. Nf3 c5 7. dxc5 Qa5 8. Rc1 Qb4 $6 (8... dxc4 9. Bxc4 Qxc5 10.
Bb3) 9. Qb3 (9. cxd5 Qxc5 10. Qd2) 9... Qxc5 10. cxd5 Ne4 11. Be5 Bxe5 12. Nxe5
a6 13. Nd3 Qa5 14. Qb4 Qxb4 15. Nxb4 Nd6 16. Bd3 Nd7 17. Ne4 a5 18. Nxd6 exd6
19. Nc2 Nc5 20. Be2 f5 21. f3 Re8 22. Kf2 Kf7 23. b3 Bd7 24. Rhd1 Ke7 25. Na3
Reb8 26. Nb5 Rc8 27. Nd4 Rc7 28. Rc2 Rac8 29. Rdc1 Na6 30. Bxa6 Rxc2+ 31. Rxc2
Rxc2+ 32. Nxc2 bxa6 33. Nd4 g5 34. f4 h6 35. g3 Kd8 36. Ke1 Kc7 37. a3 g4 38.
Kd2 Kd8 39. Kc3 Kc7 40. Nc2 Kd8 41. Kd4 Ke7 42. e4 fxe4 43. Kxe4 a4 44. b4 Kf6
45. Nd4 Bc8 46. b5 axb5 47. Nxb5 Bf5+ 48. Kd4 Ke7 49. Kc3 Be4 50. Kd4 Bc2 51.
Kc4 Bb3+ 52. Kd4 Bc2 53. Na7 Kd7 54. Nb5 Ke7 {3e repetition de position qui
n'a pas été remarquée par les adversaires} 55. Nc3 Bb3 56. Nb1 Kf6 57. Nd2 Ba2
58. Ne4+ Ke7 59. Nf2 h5 60. Ne4 Bb1 (60... Bb3 61. f5 Bc2 62. f6+ Kf7 63. Nxd6+
$18) 61. f5 (61. Nc3 {était gagnant car les noirs ne peuvent empécher le roi
blanc d arriver en b4} Bc2 62. Kc4 Kd7 63. Kb4 Ke7 64. Nxa4 $18) 61... Bxe4 62.
Kxe4 Kf7 63. Ke3 Ke7 64. Kd4 Kf6 65. Kc4 Kxf5 66. Kd4 Kf6 67. Ke4 Kg6 68. Ke3
Kf7 69. Ke4 Kg6 1/2-1/2

[Event "Vaujany 2022 Accession"]
[Site "Vaujany"]
[Date "2022.07.16"]
[Round "3.10"]
[White "Martin, Alix"]
[Black "Celik, Ali Alper"]
[Result "1/2-1/2"]
[WhiteElo "1695"]
[BlackElo "1471"]
[Annotator "Jean-Pierre,Lees"]
[PlyCount "67"]
[EventDate "2022.07.14"]
[EventType "swiss"]
[EventCountry "FRA"]
[SourceVersionDate "2022.07.17"]
[TimeControl "240+2"]

{1024MB, Fritz8.ctg} 1. e4 c5 2. Nf3 e6 3. c3 Nf6 4. e5 Nd5 5. g3 (5. d4 cxd4
6. cxd4 d6) 5... Nc6 6. Bg2 b6 7. O-O Bb7 8. d4 Nc7 9. Bg5 Be7 10. Bxe7 Qxe7
11. Nbd2 O-O 12. Ne4 cxd4 13. Nxd4 Nxd4 14. Qxd4 Bxe4 15. Bxe4 Rad8 16. Rad1
Ne8 17. Bc2 d5 18. exd6 Nxd6 19. Qd3 g6 20. h4 Nf5 21. Qe2 Qc5 22. Kg2 h5 23.
Qf3 Qc7 24. Rd3 Rxd3 25. Bxd3 Rd8 26. Rd1 Kg7 27. Bc2 Rxd1 28. Qxd1 Qc6+ 29.
Qf3 Qd6 30. Qd3 Qc6+ 31. Qe4 Qd6 32. Qd3 Qc6+ 33. Qe4 Qd6 34. Qd3 1/2-1/2

[Event "Vaujany 2022 Accession"]
[Site "Vaujany"]
[Date "2022.07.17"]
[Round "3.3"]
[White "Brion Lacherest, Nathan"]
[Black "Gibaud, Elian"]
[Result "1-0"]
[WhiteElo "1711"]
[BlackElo "1752"]
[Annotator "promoechecs"]
[PlyCount "89"]
[EventDate "2022.07.14"]
[EventType "swiss"]
[EventCountry "FRA"]
[SourceVersionDate "2022.07.17"]

{[%evp 0,8,19,31,72,53,42,31,30,-9,7]} 1. e4 c5 2. Nf3 e6 3. d3 d5 4. Qe2 Be7 (
4... Ne7) (4... Nf6 5. g3 Nc6 6. Bg2 Be7 7. O-O O-O 8. e5 Nd7) 5. a4 Nf6 6. g3
O-O 7. Bg2 Nc6 8. O-O Qc7 9. e5 Nd7 10. Re1 b6 11. Bf4 Nd4 12. Qd1 Bb7 13. c3
Nxf3+ 14. Qxf3 Rfb8 15. Qg4 Nf8 16. Bg5 Bxg5 17. Qxg5 d4 18. Bxb7 Qxb7 19. c4
Qf3 20. Qd2 Ng6 21. Qe2 Qf5 22. Nd2 Rf8 23. f4 Ne7 24. Qf3 Qg6 25. a5 b5 26. b3
Rab8 27. Ne4 bxc4 28. bxc4 Rfc8 29. Nd6 Rd8 30. Nb7 Rdc8 31. Nd6 Rd8 32. Ne4
Rdc8 33. Reb1 Nf5 34. Nxc5 Rxb1+ 35. Rxb1 h6 36. Ne4 Ne3 37. Rb7 Rd8 38. Nf2
Nxc4 39. dxc4 Qc2 40. Qd3 Qc1+ 41. Kg2 Qe3 42. Qxe3 dxe3 43. Ne4 Rd4 44. Nd6
Rd2+ 45. Kf3 1-0

[Event "Vaujany 2022 Accession"]
[Site "Vaujany"]
[Date "2022.07.17"]
[Round "4.5"]
[White "Pu, Linden"]
[Black "Denaes, Antoine"]
[Result "1/2-1/2"]
[WhiteElo "1801"]
[BlackElo "1552"]
[PlyCount "68"]
[EventDate "2022.07.14"]
[EventType "swiss"]
[EventCountry "FRA"]
[SourceVersionDate "2022.07.17"]

1. d4 d5 2. Nf3 Nf6 3. e3 e6 4. Nbd2 Nbd7 5. Bd3 c5 6. c3 a6 7. O-O Bd6 8. Re1
e5 9. e4 O-O 10. exd5 exd4 11. Nc4 Nb6 12. Nxd6 Qxd6 13. c4 Bg4 14. g3 Rfe8 15.
Bf4 Qd7 16. Rxe8+ Rxe8 17. Bf1 h6 18. Qb3 Bxf3 19. Qxf3 Qf5 20. Qb3 Nxc4 21.
Bxc4 b5 22. Bxb5 axb5 23. Qxb5 Rc8 24. d6 g5 25. Bd2 Qd5 26. d7 Qxd7 27. Qxd7
Nxd7 28. Re1 Rb8 29. Bc1 d3 30. b3 Ra8 31. Re3 Rxa2 32. Rxd3 Ra1 33. Rxd7 Rxc1+
34. Kg2 Rc3 1/2-1/2

[Event "Vaujany 2022 Accession"]
[Site "Vaujany"]
[Date "2022.07.17"]
[Round "4.6"]
[White "Pitaval, Lucien"]
[Black "Poizat, Gaspard"]
[Result "1-0"]
[WhiteElo "1781"]
[BlackElo "1546"]
[PlyCount "107"]
[EventDate "2022.07.14"]
[EventType "swiss"]
[EventCountry "FRA"]
[SourceVersionDate "2022.07.17"]

1. e4 c5 2. Nf3 e6 3. g3 Nc6 4. d4 cxd4 5. Nxd4 Bc5 6. Nb3 Bb6 7. Bg2 Nf6 8.
Nc3 a5 9. a4 h6 10. Bf4 e5 11. Bc1 O-O 12. Nd5 Nxd5 13. exd5 Nd4 14. Nd2 Nf5
15. O-O d6 16. b3 Ne7 17. Ba3 Qc7 18. c4 Bf5 19. Be4 Rad8 20. Rc1 Bh3 21. Re1
f5 22. Bg2 Bxg2 23. Kxg2 f4 24. Ne4 fxg3 25. hxg3 Bd4 26. Qg4 b6 27. Qe6+ Kh8
28. Bxd6 Rxd6 29. Qxd6 Rxf2+ 30. Kh1 Qxd6 31. Nxd6 Rf3 32. Nb5 Nf5 33. Nxd4
exd4 34. Rcd1 d3 35. d6 Nxd6 36. Kg2 Rf5 37. Rxd3 Rf6 38. Red1 Ne4 39. Rf3 Rg6
40. Rd4 Nc5 41. Kh3 Ne6 42. Rg4 Ng5+ 43. Kg2 h5 44. Rf8+ Kh7 45. Rh4 Rd6 46.
Rxh5+ Kg6 47. Rh4 Rd3 48. c5 Ne6 49. Rb8 Nxc5 50. Rxb6+ Kf7 51. b4 axb4 52.
Rbxb4 Ra3 53. Rhc4 Nd3 54. Rb5 1-0

[Event "Vaujany 2022 Accession"]
[Site "Vaujany"]
[Date "2022.07.17"]
[Round "4.8"]
[White "Lalitte, Raphael"]
[Black "Weisz, Jacques"]
[Result "1/2-1/2"]
[WhiteElo "1522"]
[BlackElo "1722"]
[PlyCount "74"]
[EventDate "2022.07.14"]
[EventType "swiss"]
[EventCountry "FRA"]
[SourceVersionDate "2022.07.17"]

1. e4 e6 2. d3 d5 3. Nd2 Nf6 4. Ngf3 c5 5. g3 Nc6 6. Bg2 Be7 7. O-O O-O 8. Re1
b5 9. e5 Nd7 10. Nf1 a5 11. h4 a4 12. a3 b4 13. h5 bxa3 14. bxa3 Rb8 15. N1h2
Nd4 16. Nxd4 cxd4 17. Qg4 Qc7 18. Nf3 Qxc2 19. Bh6 g6 20. Bxf8 Nxf8 21. Nxd4
Qc7 22. Rec1 Qd7 23. Nc6 Ra8 24. Nxe7+ Qxe7 25. Rc3 Nd7 26. hxg6 hxg6 27. f4
Ba6 28. Rac1 Nf8 29. Qd1 Qa7+ 30. d4 Bc4 31. Rxc4 dxc4 32. Bxa8 Qxa8 33. Rxc4
Qe4 34. Rxa4 Nd7 35. Ra6 Qb7 36. Rd6 Nb6 37. Qd3 Nd5 1/2-1/2

[Event "Vaujany 2022 Accession"]
[Site "Vaujany"]
[Date "2022.07.17"]
[Round "4.9"]
[White "Spinosi, Aurélien"]
[Black "Oumer, Walid"]
[Result "0-1"]
[WhiteElo "1705"]
[BlackElo "1492"]
[Annotator "promoechecs"]
[PlyCount "72"]
[EventDate "2022.07.14"]
[EventType "swiss"]
[EventCountry "FRA"]
[SourceVersionDate "2022.07.17"]

{[%evp 0,65,19,31,72,53,86,77,112,77,57,30,72,30,27,28,46,17,26,38,114,101,97,
79,72,76,65,65,62,36,27,35,37,28,101,22,11,1,83,-12,81,81,103,119,175,84,84,70,
84,63,87,91,91,101,110,127,128,133,134,124,133,122,174,155,163,160,182,-102]} 
1. e4 c5 2. Nf3 d6 3. Nc3 Nf6 4. d4 cxd4 5. Nxd4 a6 6. Be2 e5 7. Nb3 Be6 8. Be3
Be7 9. O-O d5 10. exd5 Nxd5 11. Nxd5 Bxd5 12. c4 Bc6 13. Qxd8+ Bxd8 14. Bc5 Nd7
15. Bd6 Be7 16. Rad1 Rc8 17. Bg4 Bxd6 18. Rxd6 h5 19. Bh3 Rc7 20. Rfd1 Ke7 21.
Na5 Nb6 22. c5 Na4 23. Nxc6+ Rxc6 24. Rxc6 bxc6 25. Rd7+ Kf6 26. Rd6+ Ke7 27.
Rxc6 Rd8 28. g3 Nxb2 29. Rxa6 Rd1+ 30. Kg2 Nd3 31. Ra7+ Kf6 32. c6 e4 33. g4 (
33. c7 Ne1+ $8 34. Kf1 (34. Kh1 Nf3+ $19 {[%eval -457,19]} 35. Bf1 $19 {
[%eval -476,24]} (35. Kg2 Rg1#)) 34... Nf3+ 35. Ke2 Re1#) 33... Nf4+ 34. Kg3 g5
35. f3 e3 36. Bf1 h4# 0-1

[Event "Vaujany 2022 Accession"]
[Site "Vaujany"]
[Date "2022.07.17"]
[Round "4.10"]
[White "Bat, Anu"]
[Black "Martin, Alix"]
[Result "0-1"]
[WhiteElo "1485"]
[BlackElo "1695"]
[Annotator "promoechecs"]
[PlyCount "78"]
[EventDate "2022.07.14"]
[EventType "swiss"]
[EventCountry "FRA"]
[SourceVersionDate "2022.07.17"]

{[%evp 0,11,28,38,23,15,27,8,26,-37,45,-2,14,22]} 1. d4 d5 2. Nf3 Nf6 3. e3 Bf5
4. c4 c6 5. Nc3 e6 6. Nh4 (6. Bd3 Bxd3 (6... Bg6 7. O-O Nbd7) 7. Qxd3 Nbd7)
6... Be4 7. f3 Bg6 8. Be2 (8. Qb3 Qc7 (8... Qb6 9. Nxg6 hxg6 10. Bd2) 9. Bd2
Nbd7 10. Rc1 Be7) 8... Bd6 9. g3 Nbd7 10. cxd5 exd5 11. O-O Qe7 12. a3 Nf8 13.
Re1 h6 14. Nxg6 Nxg6 15. Bd3 (15. e4 dxe4 16. fxe4 Bc7) 15... O-O-O 16. b4 Qc7
17. Kg2 h5 18. f4 h4 19. g4 h3+ 20. Kg1 Nh4 21. Bd2 g5 22. Nb5 Qd7 23. Nxd6+
Qxd6 24. f5 Ne4 25. b5 $4 (25. Rf1) 25... Nxd2 26. Be2 (26. Qxd2 $4 Nf3+) 26...
Ne4 27. bxc6 Ng2 28. Qb3 b6 29. Ba6+ Kc7 30. Re2 Rh4 31. Rc2 Rxg4 32. Be2 Nxe3+
33. Bxg4 Nxg4 34. Qxh3 Qf4 35. Re1 Rd6 36. Qh7 Rf6 37. Qg8 Nxh2 38. Ree2 (38.
Rxh2 Qg3+ 39. Kh1 Qxe1+ 40. Kg2 Qf2+ 41. Kh1 Qf1#) 38... Qf1+ 39. Kxh2 Rh6# 0-1

[Event "Vaujany 2022 Accession"]
[Site "Vaujany"]
[Date "2022.07.18"]
[Round "5.1"]
[White "Brion Lacherest, Nathan"]
[Black "Laposte, Nicolas"]
[Result "0-1"]
[WhiteElo "1711"]
[BlackElo "1709"]
[Annotator "promoechecs"]
[PlyCount "62"]
[EventDate "2022.07.14"]
[EventType "swiss"]
[EventCountry "FRA"]
[SourceVersionDate "2022.07.17"]

{[%evp 0,11,19,31,34,19,13,4,41,44,58,58,49,32]} 1. e4 e5 2. Nf3 Nc6 3. Bb5
Nge7 4. O-O g6 5. d3 Bg7 6. c3 O-O 7. Re1 d6 8. Nbd2 Kh8 9. Ba4 f5 10. Bc2 h6
11. exf5 Bxf5 12. Nh4 Bd7 13. d4 g5 14. d5 Nb8 15. Ng6+ Nxg6 16. Bxg6 Qf6 17.
Bb1 Qxf2+ 18. Kh1 Bg4 19. Ne4 Qf7 20. Qd3 Bf5 21. Rf1 Qg6 22. Qe2 Nd7 23. Bd2
Rf7 24. Bd3 Raf8 25. Rxf5 Rxf5 26. Ng3 e4 27. Bxe4 Qe8 28. Nxf5 Rxf5 29. Re1
Re5 30. Qc4 Nc5 31. Qf1 Nxe4 0-1

[Event "Vaujany 2022 Accession"]
[Site "Vaujany"]
[Date "2022.07.18"]
[Round "5.3"]
[White "Frelau, Matthias"]
[Black "Nicot, Valentin"]
[Result "1-0"]
[WhiteElo "1786"]
[BlackElo "1631"]
[Annotator "promoechecs"]
[PlyCount "97"]
[EventDate "2022.07.14"]
[EventType "swiss"]
[EventCountry "FRA"]
[SourceVersionDate "2022.07.17"]

1. d4 d5 2. Bf4 c5 3. e3 cxd4 4. exd4 Nc6 5. c3 Bf5 6. Nf3 f6 7. Bd3 Bxd3 8.
Qxd3 e6 9. Qe2 Qd7 10. h3 h5 11. Nbd2 g5 12. Bg3 Nge7 13. O-O-O Nf5 14. Rde1
Kf7 15. Rhf1 Rc8 16. Kb1 Bd6 17. Qd3 h4 18. Bh2 a5 19. g4 Nfe7 20. Qb5 Ra8 21.
Nb3 a4 22. Nc1 Ra5 23. Qe2 b6 24. Nd3 Rc8 25. Qe3 Ng6 26. Re2 Nd8 27. Bxd6 Qxd6
28. a3 Rb5 29. Ka1 Rc4 30. Nd2 Rxc3 $2 31. Ne5+ fxe5 32. Qxc3 exd4 33. Qxd4 Qf4
34. Qd3 Rc5 35. Re3 Kg7 36. Rf3 Qe5 37. Re3 Qf4 38. Rfe1 Qxf2 39. Rf1 Qh2 40.
Re2 Qc7 41. Nf3 Nf4 42. Qd4+ Kg8 43. Re5 Nf7 44. Ree1 Nxh3 45. Qf6 Rc6 46. Qg6+
Kh8 47. Ne5 Rc1+ 48. Rxc1 Nxe5 49. Rf8# 1-0

[Event "Vaujany 2022 Accession"]
[Site "Vaujany"]
[Date "2022.07.18"]
[Round "5.4"]
[White "Azou, Jorre"]
[Black "Pitaval, Lubin"]
[Result "1-0"]
[WhiteElo "1552"]
[BlackElo "1781"]
[PlyCount "55"]
[EventDate "2022.07.14"]
[EventType "swiss"]
[EventCountry "FRA"]
[SourceVersionDate "2022.07.17"]

1. e4 c5 2. Nf3 Nc6 3. d4 cxd4 4. Nxd4 e5 5. Nb5 d6 6. c4 Be7 7. N1c3 a6 8. Na3
f5 9. exf5 Bxf5 10. Bd3 Be6 11. O-O Nf6 12. Nc2 O-O 13. Ne3 Nd4 14. b3 Kh8 15.
Bb2 Rb8 16. Ne4 Nf5 17. Nxf5 Bxf5 18. Nxf6 Bxd3 19. Qxd3 Bxf6 20. Ba3 Be7 21.
Qd5 Qc7 22. Rad1 Rf6 23. Rd2 Rd8 24. Rfd1 h6 25. h3 Qc6 26. c5 dxc5 27. Qxc6
Rxd2 28. Qc8+ 1-0

[Event "Vaujany 2022 Accession"]
[Site "Vaujany"]
[Date "2022.07.18"]
[Round "5.5"]
[White "Feger, Rodolphe"]
[Black "Roche, Yves"]
[Result "0-1"]
[WhiteElo "1567"]
[BlackElo "1723"]
[Annotator "promoechecs"]
[PlyCount "94"]
[EventDate "2022.07.14"]
[EventType "swiss"]
[EventCountry "FRA"]
[SourceVersionDate "2022.07.17"]

1. e4 c5 2. Nf3 d6 3. g3 Nc6 4. d3 g6 5. Bg2 Bg7 6. O-O Nf6 7. c3 O-O 8. Re1
Ng4 9. h3 Nge5 10. Nxe5 Nxe5 11. Be3 b6 12. Na3 Ba6 13. Bf1 Nc6 14. Nc2 Qc8 15.
Kh2 f5 16. exf5 Qxf5 17. Bg2 Ne5 18. Be4 Qd7 19. Bxa8 Rxa8 20. d4 Nd3 21. dxc5
bxc5 22. Qd2 Rf8 23. Reb1 Qc6 24. f4 Bb7 25. Na3 h5 26. Rg1 Ba6 27. Rad1 Qe4
28. b3 Bxc3 29. Qxc3 Qxe3 30. Qd2 Qe4 31. Rg2 Qf5 32. Nc4 Nb4 33. a3 Nc6 34.
Ne3 Qf7 35. Nc2 Qxb3 36. Re1 Qd3 37. Qc1 (37. Qd1) 37... Bc8 38. Nb4 Nxb4 39.
axb4 Bb7 40. Rd2 (40. Rge2 {était plus précis}) 40... Qf3 41. h4 Rxf4 42.
gxf4 $4 {après ce coup le mat est imparable.} (42. bxc5 Rg4 (42... dxc5 43.
Rd8+ Kg7 (43... Kf7 44. Qxf4+) 44. Rxe7+ Kf6 {forcé} 45. Qxf4+ Qxf4 46. gxf4
Kxe7 47. Rd1 $11) 43. Rg1 g5 44. Qd1 Qe4 45. Qe1 $11) 42... Qxf4+ 43. Kh3 (43.
Kg1 Qg3+ 44. Kf1 Qh3+ 45. Ke2 (45. Kf2 Qg2+ 46. Ke3 Qf3#) 45... Qf3#) 43...
Qg4+ 44. Kh2 Qxh4+ 45. Kg1 Qh1+ 46. Kf2 Qg2+ 47. Ke3 Qf3# 0-1

[Event "Vaujany 2022 Accession"]
[Site "Vaujany"]
[Date "2022.07.18"]
[Round "5.7"]
[White "Martin, Alix"]
[Black "Marmion, Alexandre"]
[Result "1-0"]
[WhiteElo "1695"]
[BlackElo "1557"]
[Annotator "promoechecs"]
[PlyCount "97"]
[EventDate "2022.07.14"]
[EventType "swiss"]
[EventCountry "FRA"]
[SourceVersionDate "2022.07.17"]

{[%evp 0,8,19,31,34,19,13,4,25,30,28]} 1. e4 e5 2. Nf3 Nc6 3. Bb5 Nf6 4. d3 Ne7
(4... d6 5. c3 g6) 5. Nxe5 c6 6. Nxf7 Kxf7 7. Bc4+ d5 8. exd5 cxd5 9. Bb3 Ng6
10. O-O Be7 11. Nc3 Be6 12. d4 Qd7 13. a3 a6 14. Qf3 Rhf8 15. Re1 Kg8 16. Qe2
Bf7 17. h4 Bd6 18. Bg5 Rae8 19. Qf3 Ne4 20. Nxd5 Bxd5 21. Bxd5+ Kh8 22. Qb3
Nxg5 23. hxg5 Rxe1+ 24. Rxe1 Qf5 25. Rf1 Qxg5 26. Bxb7 Nf4 27. Qe3 Qb5 28. Bf3
Qxb2 29. c4 Qb8 30. c5 Re8 31. Qd2 Bc7 32. d5 Rd8 33. d6 Bxd6 34. cxd6 Qxd6 35.
Qxd6 Rxd6 36. g3 Ng6 37. Rc1 Kg8 38. Rc8+ Kf7 39. Kg2 a5 40. Ra8 Ne5 41. Rxa5
Nc4 42. Bd5+ Rxd5 43. Rxd5 Nxa3 44. Rc5 Nb1 45. Kf3 Nd2+ 46. Ke3 Nf1+ 47. Ke2
Nh2 48. f3 g5 49. Rxg5 1-0

[Event "Vaujany 2022 Accession"]
[Site "Vaujany"]
[Date "2022.07.18"]
[Round "5.8"]
[White "Findeling Creus, Paul"]
[Black "Kratz, Jonathan"]
[Result "1-0"]
[WhiteElo "1639"]
[BlackElo "1429"]
[Annotator "promoechecs"]
[PlyCount "79"]
[EventDate "2022.07.14"]
[EventType "swiss"]
[EventCountry "FRA"]
[SourceVersionDate "2022.07.17"]

{[%evp 0,16,34,13,56,68,59,48,51,25,28,20,20,-5,31,31,37,35,42]} 1. e4 c6 2.
Nc3 d5 3. Nf3 dxe4 4. Nxe4 Nf6 5. Nxf6+ exf6 6. Bc4 Bd6 7. Qe2+ Qe7 8. Qxe7+
Kxe7 9. O-O Be6 10. Re1 Kd7 11. Bf1 c5 12. d4 Nc6 13. Be3 c4 14. c3 b5 15. Rab1
b4 16. Nd2 Na5 17. Ne4 Bf5 18. Bd2 bxc3 19. Bxc3 Bc7 20. Nc5+ Kc6 21. Rbc1 Rac8
22. g4 Bxg4 23. Bg2+ Kb6 24. Bxa5+ Kxa5 25. Rxc4 Kb5 26. Rec1 Ba5 27. a4+ Kb6
28. b4 Rhe8 29. bxa5+ Kxa5 30. Nb3+ Ka6 31. Rc6+ Kb7 32. Nc5+ Kb8 33. Na6+ Kb7
34. Re6+ Bf3 35. Bxf3+ Rc6 36. Bxc6+ Kb6 37. Rxe8 h5 38. Rb8+ Ka5 39. Rb5+ Kxa4
40. Ra1# 1-0

[Event "Vaujany 2022 Accession"]
[Site "Vaujany"]
[Date "2022.07.18"]
[Round "5.10"]
[White "Gibaud, Elian"]
[Black "Denaes, Antoine"]
[Result "1-0"]
[WhiteElo "1752"]
[BlackElo "1552"]
[PlyCount "57"]
[EventDate "2022.07.14"]
[EventType "swiss"]
[EventCountry "FRA"]
[SourceVersionDate "2022.07.17"]

1. d4 d5 2. Bf4 Nf6 3. e3 e6 4. Nd2 c5 5. c3 Nc6 6. Ngf3 a6 7. Bd3 Bd6 8. Bg3
O-O 9. Qe2 Re8 10. Ne5 Qc7 11. f4 Nd7 12. O-O g6 13. h4 Nf6 14. Bh2 h5 15. Ndf3
c4 16. Bc2 Bxe5 17. fxe5 Nh7 18. Ng5 Nxg5 19. hxg5 b5 20. g4 Qe7 21. Rf6 hxg4
22. Raf1 Nd8 23. Qxg4 Kg7 24. R1f3 Rh8 25. Rh3 Qf8 26. Rh6 Rxh6 27. gxh6+ Kh8
28. Qxg6 Ra7 29. Qh7# 1-0

[Event "Vaujany 2022 Accession"]
[Site "Vaujany"]
[Date "2022.07.19"]
[Round "6.2"]
[White "Frelau, Matthias"]
[Black "Jorre, Azou"]
[Result "1-0"]
[WhiteElo "1786"]
[BlackElo "1552"]
[Annotator "promoechecs"]
[PlyCount "69"]
[EventDate "2022.07.14"]
[EventType "swiss"]
[EventCountry "FRA"]
[SourceVersionDate "2022.07.17"]

{[%evp 0,8,16,28,30,22,14,15,88,46,29]} 1. d4 e6 2. Bf4 d5 3. Nf3 c5 4. e3 Qb6
5. Nc3 a6 (5... Qxb2 6. Nb5 Na6 7. Rb1 Qxa2 8. Ra1 Qb2 9. Rxa6 bxa6 10. Nc7+)
6. Rb1 Nc6 7. Qd2 cxd4 8. exd4 Nf6 9. a3 Nh5 10. Be5 Be7 (10... f6 11. Bf4 Nxf4
12. Qxf4 Be7 13. Qd2 O-O $16) 11. Bd3 Nf6 (11... f6 12. Bg3) 12. O-O O-O 13.
Qg5 Qd8 (13... h6 14. Qg3 Nxe5 15. dxe5 Nd7) 14. Qh4 h6 (14... Ne4 $142 15. Qh3
f5) 15. g4 Ne4 16. Qh5 Re8 (16... Nxe5 $142 17. dxe5 Nxc3 18. bxc3 b5 $17) 17.
Nxe4 dxe4 18. Bxe4 f5 19. Qg6 Nxe5 20. Nxe5 fxe4 21. Nf7 Qd7 22. Nxh6+ Kh8 23.
Nf7+ Kg8 24. Ne5 Qd8 25. Qf7+ Kh7 26. Qh5+ Kg8 27. g5 Bxg5 28. Nf7 Qxd4 29.
Nxg5 Rd8 30. Rbd1 Qf6 31. Rxd8+ Qxd8 32. Qh7+ Kf8 33. Qh8+ Ke7 34. Qxg7+ Kd6
35. Rd1+ 1-0

[Event "Vaujany 2022 Accession"]
[Site "Vaujany"]
[Date "2022.07.19"]
[Round "6.3"]
[White "Roche, Yves"]
[Black "De Muyser, Xavier"]
[Result "1/2-1/2"]
[WhiteElo "1729"]
[BlackElo "1593"]
[Annotator "promoechecs"]
[PlyCount "97"]
[EventDate "2022.07.14"]
[EventType "swiss"]
[EventCountry "FRA"]
[SourceVersionDate "2022.07.17"]

{[%evp 0,48,28,25,89,42,67,72,79,75,61,65,68,53,84,75,87,47,80,52,61,41,41,45,
71,80,102,63,108,99,124,99,100,100,182,129,189,175,153,158,166,137,251,272,272,
188,200,182,225,225,225]} 1. d4 g6 2. c4 f5 3. Nc3 Nf6 4. Nf3 Bg7 5. g3 O-O 6.
Bg2 c6 7. O-O d6 8. Qc2 Qe8 9. b3 a5 10. Bb2 Na6 11. a3 Nh5 12. Na4 f4 13. e4
fxe3 14. fxe3 b5 15. Nb6 Rb8 16. Nxc8 Rxc8 17. Bh3 Rc7 18. Be6+ Kh8 19. Ng5 Bf6
20. Ne4 Bg7 21. Rxf8+ Qxf8 22. Rf1 Nf6 23. Ng5 h6 24. Nh3 (24. Nf7+ $142 $8 Kh7
25. h4 Qe8 26. h5 Nxh5 27. Nxh6 Kxh6 (27... Bxh6 28. Bf7 Qxf7 29. Rxf7+) 28.
Bf7 Qd8 29. Qxg6#) 24... Qe8 25. Nf4 Kh7 26. h4 (26. Nxg6 $142 Qxg6 27. Bf5
Qxf5 28. Qxf5+) 26... h5 27. Nxg6 Kh6 28. Nf4 (28. Bc1 Bh8 29. Nxh8 Qxh8 30.
e4+ Kg7 31. e5) 28... bxc4 29. bxc4 Rb7 30. Bc1 Nc7 31. Qf5 Nxe6 32. Nxe6 (32.
e4 Rb1 33. Nxe6+ Rxc1 34. Qg5+ Kh7 35. Qxg7#) 32... Qg6 33. e4+ Kh7 34. Ng5+
Kh6 35. Nh3+ Kh7 36. Ng5+ Kh6 37. Qe6 Rb3 38. Kg2 (38. Qxe7 Rxg3+ 39. Kh1 Ng4
40. Bf4 Rxa3 41. Ne6+ Kh7 42. Nf8+ Kg8 43. Nxg6) 38... Ng4 39. Rf3 (39. Qg8
Rxg3+ 40. Kh1 (40. Kxg3 $4 Be5+ 41. dxe5 Qxg8) 40... Rg1+ 41. Rxg1 Nf2+ 42. Kg2
Bxd4 43. Qf8+ Qg7 44. Qxg7+ Kxg7 45. Ne6+ Kf7 46. Nxd4) 39... Rb1 40. Rf1 (40.
Qg8 Rxc1 41. Nf7+ Qxf7 42. Rxf7) 40... Bf6 41. Qf7 (41. Nh3+ Kg7 42. Nf4 Qf7
43. e5 dxe5 44. dxe5 Nxe5 45. Qf5 Rb8 46. Nxh5+) 41... Qxf7 42. Nxf7+ Kg6 43.
Nd8 Rb6 44. Ne6 Rb8 45. Nf4+ Kh6 46. e5 dxe5 47. dxe5 Nxe5 48. Nd5+ Kg6 49.
Nf4+ 1/2-1/2

[Event "Vaujany 2022 Accession"]
[Site "Vaujany"]
[Date "2022.07.19"]
[Round "6.4"]
[White "Oumer, Walid"]
[Black "Findeling creus, Paul"]
[Result "1-0"]
[WhiteElo "1492"]
[BlackElo "1639"]
[Annotator "promoechecs"]
[PlyCount "171"]
[EventDate "2022.07.14"]
[EventType "swiss"]
[EventCountry "FRA"]
[SourceVersionDate "2022.07.17"]

{[%evp 0,18,25,22,36,-23,-23,-22,-3,-9,24,8,49,-4,-2,18,37,20,44,33,25]} 1. d4
e6 2. c4 Nf6 3. Nf3 d5 4. Nc3 Be7 5. Bg5 h6 6. Bh4 O-O 7. e3 Nbd7 8. Bd3 b6 9.
cxd5 exd5 10. O-O Bb7 11. Qc2 c5 12. Rfd1 Rc8 13. Bf5 Re8 14. Ne5 cxd4 15. exd4
Rc7 16. Qa4 a6 17. Bg3 b5 18. Qa5 Nxe5 19. dxe5 Nh5 20. e6 Nxg3 21. exf7+ Kxf7
22. hxg3 Rd7 23. Qxd8 Rdxd8 24. Ne2 g6 25. Bd3 Bc5 26. Rac1 Bb6 27. Nf4 Rd6 28.
Re1 Rxe1+ 29. Rxe1 g5 30. Ng6 Re6 (30... Rxg6 31. Bxg6+ Kxg6 32. Re6+ Kf5 33.
Rxb6) 31. Ne5+ Kg7 32. Bf5 Re7 33. Kf1 Bd4 34. Nd3 Rxe1+ 35. Kxe1 Kf6 36. Bd7
Bb6 37. b4 Ke7 38. Bf5 Kd6 39. Kd2 d4 40. f3 Bd5 41. a3 a5 42. Kc2 a4 43. Kd2
Ke7 44. Nc5 Bc7 45. Kd3 Bxg3 46. Kxd4 Bc6 47. Ne4 Be1 48. Kc5 Be8 49. Bc8 h5
50. Ba6 g4 51. fxg4 Bg6 52. Bb7 hxg4 53. Kxb5 Be8+ 54. Bc6 Bxc6+ 55. Kxc6 Ke6
56. Nc5+ Kf5 57. Nxa4 Kf4 58. b5 Kg3 59. b6 Kxg2 60. Nc5 Kf3 61. b7 Bg3 62. Na6
Bb8 63. Nxb8 g3 64. Nd7 g2 65. b8=Q g1=Q 66. Ne5+ Kf4 67. Nd7+ Kf5 68. Qf8+ Ke4
69. Qe7+ Kd3 70. Ne5+ Kc3 71. Qc5+ Qxc5+ 72. Kxc5 Kb3 73. Nc4 Ka4 74. Kd4 Kb5
75. Kc3 Ka6 76. Kb4 Ka7 77. Kb5 Kb7 78. a4 Ka7 79. Nb6 Kb7 80. a5 Ka7 81. Nd5
Kb7 82. Nb4 Ka7 83. Kc6 Ka8 84. Kb6 Kb8 85. Nd5 Ka8 86. a6 1-0